[Event "1. OEsterreichische Internet Schach Meisterschaft - Vorrunde 2"]
[Site "Online - Playchess.com"]
[Date ""]
[Round "8"]
[Board "38"]
[White "Moritz, Christian"]
[Black "Pedevilla, Luis"]
[Result "1-0"]
[WhiteElo "2077"]
[BlackElo "1650"]
[PlyCount "47"]
[EventDate "2020.04.13"]
[EventRounds "9"]
[EventCountry "AUT"]

1. d4 d5 2. Bf4 Bf5 3. e3 e6 4. c4 Nf6 5. Qb3 b6 6. Nc3 Be7 7. Rc1 O-O 8. cxd5 Nxd5
9. Nxd5 Qxd5 10. Qxd5 exd5 11. Rxc7 Bb4+ 12. Kd1 Na6 13. Bxa6 h6 14. Nf3 g5 15. Bg3
f6 16. a3 g4 17. Nh4 Bxa3 18. bxa3 Bh7 19. Kd2 f5 20. Rhc1 h5 21. Be5 b5 22. Rg7+
Kh8 23. Rxg4+ Rf6 24. Bxf6#  1-0

[Event "1. OEsterreichische Internet Schach Meisterschaft - Vorrunde 2"]
[Site "Online - Playchess.com"]
[Date ""]
[Round "8"]
[Board "39"]
[White "Buchegger, Fridolin"]
[Black "Meglitsch, Konstantin"]
[Result "1-0"]
[WhiteElo "1827"]
[BlackElo "2041"]
[PlyCount "89"]
[EventDate "2020.04.13"]
[EventRounds "9"]
[EventCountry "AUT"]

1. e4 e6 2. d4 d5 3. exd5 exd5 4. Nf3 Bd6 5. Bd3 Ne7 6. O-O Nbc6 7. c3 Bg4 8. Re1
Qd7 9. Nbd2 O-O-O 10. a4 f6 11. a5 g5 12. b4 h5 13. b5 Nb8 14. b6 a6 15. bxc7 Qxc7
16. Ba3 h4 17. h3 Bxf3 18. Qxf3 Bxa3 19. Rxa3 Nbc6 20. Nb3 Kb8 21. Nc5 Rd6 22. Rb1
Ka7 23. Rxb7+ Qxb7 24. Nxb7 Kxb7 25. Qe2 Kc7 26. Bxa6 g4 27. hxg4 h3 28. gxh3 Rxh3
29. Qb5 Kd7 30. Bb7 Ke6 31. Bxc6 Nxc6 32. a6 Rh4 33. f3 f5 34. a7 Nxa7 35. Qe8+ Kf6
36. Qf8+ Ke6 37. Qxf5+ Ke7 38. Qg5+ Kd7 39. Rxa7+ Kc6 40. Ra6+ Kc7 41. Qe7+ Rd7 42.
Ra7+ Kb8 43. Rxd7 Rxg4+ 44. fxg4 Kc8 45. Qd8#  1-0

[Event "1. OEsterreichische Internet Schach Meisterschaft - Vorrunde 2"]
[Site "Online - Playchess.com"]
[Date ""]
[Round "8"]
[Board "40"]
[White "Breneis, Gerhard"]
[Black "Kondrak, Christoph"]
[Result "1-0"]
[WhiteElo "1990"]
[BlackElo "2033"]
[PlyCount "67"]
[EventDate "2020.04.13"]
[EventRounds "9"]
[EventCountry "AUT"]

1. e4 c5 2. d3 e6 3. Nc3 d5 4. Qe2 d4 5. Nd1 Nf6 6. f4 Be7 7. g4 e5 8. f5 h6 9. Bg2
b5 10. h4 Bb7 11. g5 hxg5 12. hxg5 Rxh1 13. Bxh1 Nfd7 14. Qh5 Nf8 15. Nf3 Qd6 16.
Qh8 g6 17. f6 Bd8 18. Nf2 Bc8 19. Bd2 Be6 20. Bg2 Nc6 21. Ke2 c4 22. a3 Bb6 23. Rh1
O-O-O 24. Bh3 c3 25. Bc1 cxb2 26. Bxb2 b4 27. axb4 Qxb4 28. Bc1 Qb1 29. Bd2 Qa2 30.
Qg7 Bxh3 31. Nxh3 Ne6 32. Qh7 Ba5 33. Rc1 Bxd2 34. Nxd2  1-0

[Event "1. OEsterreichische Internet Schach Meisterschaft - Vorrunde 2"]
[Site "Online - Playchess.com"]
[Date ""]
[Round "8"]
[Board "41"]
[White "Knoll, Martin"]
[Black "Schwabeneder, Alois"]
[Result "1-0"]
[WhiteElo "2018"]
[BlackElo "2004"]
[PlyCount "53"]
[EventDate "2020.04.13"]
[EventRounds "9"]
[EventCountry "AUT"]

1. d4 Nf6 2. Nc3 g6 3. e4 d6 4. f4 Bg7 5. Nf3 O-O 6. Bc4 c6 7. O-O b5 8. Bd3 b4 9.
Ne2 c5 10. c3 bxc3 11. bxc3 cxd4 12. cxd4 Bb7 13. e5 dxe5 14. dxe5 Nd5 15. Be4 e6
16. Rb1 Ba6 17. Bxd5 Bxe2 18. Qxe2 Qxd5 19. Rd1 Qa5 20. Rb7 Na6 21. Be3 Nb4 22. Rdd7
Nxa2 23. Rxa7 Nc3 24. Qd2 Rxa7 25. Rxa7 Rd8 26. Rxa5 Rxd2 27. Bxd2  1-0

[Event "1. OEsterreichische Internet Schach Meisterschaft - Vorrunde 2"]
[Site "Online - Playchess.com"]
[Date ""]
[Round "8"]
[Board "42"]
[White "Kienboeck, Benjamin"]
[Black "Prinz, Hubert"]
[Result "1-0"]
[WhiteElo "1922"]
[BlackElo "1956"]
[PlyCount "137"]
[EventDate "2020.04.13"]
[EventRounds "9"]
[EventCountry "AUT"]

1. e4 d5 2. exd5 Qxd5 3. Nc3 Qd6 4. d4 Nf6 5. Bd3 a6 6. h3 b5 7. Nf3 Bb7 8. O-O e6
9. Qe2 Be7 10. Ne4 Nxe4 11. Bxe4 Bxe4 12. Qxe4 c6 13. Bf4 Qd5 14. Qxd5 cxd5 15. Rfe1
O-O 16. c3 Nd7 17. a3 a5 18. Ne5 Nxe5 19. Bxe5 a4 20. Bf4 h6 21. Re2 Rac8 22. Rae1
Bf6 23. Be5 Bxe5 24. Rxe5 Rfe8 25. f4 Kf8 26. Kf2 g6 27. g4 Kg7 28. f5 gxf5 29. gxf5
Kf6 30. fxe6 Rxe6 31. Rxe6+ fxe6 32. Rg1 Rf8 33. Ke3 Ke7 34. Rg6 Rf6 35. Rxf6 Kxf6
36. Kf4 Ke7 37. Ke5 h5 38. h4 Kf7 39. Kd6 Kf6 40. Kc5 Kf5 41. Kxb5 Kg4 42. Kxa4 Kxh4
43. b4 Kg5 44. b5 h4 45. b6 h3 46. b7 h2 47. b8=Q h1=Q 48. Qe5+ Kg6 49. Qxe6+ Kg5
50. Kb4 Qf3 51. Qc6 Kf5 52. a4 Ke4 53. a5 Kd3 54. a6 Qh1 55. Qb5+ Kc2 56. Qa4+ Kd3
57. a7 Qc1 58. Qb5+ Kd2 59. Qc6 Qb2+ 60. Ka5 Qa3+ 61. Kb6 Qb3+ 62. Kc7 Qb1 63. a8=Q
Qh7+ 64. Qd7 Qh2+ 65. Kb6 Kxc3 66. Qac6+ Kxd4 67. Qdxd5+ Ke3 68. Qe4+ Kd2 69. Qcc2#
 1-0

[Event "1. OEsterreichische Internet Schach Meisterschaft - Vorrunde 2"]
[Site "Online - Playchess.com"]
[Date ""]
[Round "8"]
[Board "43"]
[White "Heinrici, Simon"]
[Black "Wischounig, Laurin"]
[Result "1/2-1/2"]
[WhiteElo "2151"]
[BlackElo "1878"]
[PlyCount "115"]
[EventDate "2020.04.13"]
[EventRounds "9"]
[EventCountry "AUT"]

1. e4 c6 2. d4 d5 3. Nc3 dxe4 4. Nxe4 Bf5 5. Ng3 Bg6 6. h4 h6 7. h5 Bh7 8. Nf3 e6
9. Bd3 Bxd3 10. Qxd3 Nf6 11. Bf4 Qa5+ 12. Bd2 Bb4 13. c3 Be7 14. c4 Qc7 15. O-O-O
O-O 16. Kb1 Nbd7 17. Ne4 Nxe4 18. Qxe4 Nf6 19. Qe2 b5 20. cxb5 cxb5 21. g4 Qb7 22.
g5 Qe4+ 23. Qxe4 Nxe4 24. Be3 Nxg5 25. Nxg5 Bxg5 26. Bxg5 hxg5 27. d5 Rfd8 28. dxe6
fxe6 29. Rc1 Rac8 30. Rhe1 Rxc1+ 31. Kxc1 Rd6 32. Re5 Rd5 33. Rxe6 Rf5 34. Rg6 Kf7
35. a3 a5 36. Kb1 b4 37. axb4 axb4 38. Ka2 Ra5+ 39. Kb3 Rf5 40. Kxb4 Rxf2 41. Kc3
Rf5 42. b4 g4 43. Rxg4 Rxh5 44. Kc4 Kf6 45. b5 Rh8 46. b6 g5 47. Kc5 Kf5 48. Rb4
g4 49. Kc6 g3 50. b7 g2 51. Rb1 Kg4 52. Rb4+ Kf3 53. Rb3+ Kf2 54. Rb2+ Kf1 55. Rb1+
Kf2 56. Rb2+ Kg3 57. Rb1 Kf2 58. Rb2+  1/2-1/2

[Event "1. OEsterreichische Internet Schach Meisterschaft - Vorrunde 2"]
[Site "Online - Playchess.com"]
[Date ""]
[Round "8"]
[Board "44"]
[White "Hessenberger, Andreas"]
[Black "Novkovic, Julia"]
[Result "0-1"]
[WhiteElo "2019"]
[BlackElo "2170"]
[PlyCount "52"]
[EventDate "2020.04.13"]
[EventRounds "9"]
[EventCountry "AUT"]

1. e4 e5 2. c3 Nf6 3. d4 d5 4. exd5 Qxd5 5. Nf3 e4 6. Ne5 Nc6 7. Bc4 Qa5 8. Nxf7
Bg4 9. Qd2 Rg8 10. Ne5 Nxe5 11. dxe5 Qxe5 12. O-O Be6 13. Bxe6 Qxe6 14. Na3 Bd6 15.
Qg5 O-O-O 16. Be3 a6 17. Qa5 Qd5 18. Qa4 Qe5 19. g3 Ng4 20. Bf4 Qe8 21. Bxd6 Qxa4
22. Bf4 g5 23. Bd2 Rxd2 24. h3 Ne5 25. Nb1 Rxb2 26. c4 Nd3  0-1

[Event "1. OEsterreichische Internet Schach Meisterschaft - Vorrunde 2"]
[Site "Online - Playchess.com"]
[Date ""]
[Round "8"]
[Board "45"]
[White "Maister, Dieter"]
[Black "Wagner, Leopold Franziskus"]
[Result "0-1"]
[WhiteElo "1851"]
[BlackElo "2168"]
[PlyCount "116"]
[EventDate "2020.04.13"]
[EventRounds "9"]
[EventCountry "AUT"]

1. e4 c5 2. Nf3 Nc6 3. d4 cxd4 4. c3 dxc3 5. Nxc3 g6 6. Bc4 Bg7 7. O-O e6 8. Qe2
Nge7 9. Rd1 O-O 10. Bf4 e5 11. Bg5 Kh8 12. Rac1 f6 13. Be3 a6 14. Bc5 b5 15. Bd5
Bb7 16. Nb1 Rc8 17. a3 Nxd5 18. Bxf8 Nf4 19. Bxg7+ Kxg7 20. Qd2 Rc7 21. Qd6 Ne2+
22. Kf1 Nxc1 23. Rxc1 Rc8 24. Nc3 Qc7 25. Qd2 Na5 26. Rd1 Bc6 27. b4 Nc4 28. Qa2
Qb7 29. Nd2 d5 30. exd5 Bxd5 31. Qa1 Bxg2+ 32. Kg1 Bh3 33. f3 Nxd2 34. Rxd2 Qxf3
35. Nd5 Rd8 36. Qd1 Qxd1+ 37. Rxd1 Be6 38. Ne3 Rxd1+ 39. Nxd1 f5 40. Kf2 e4 41. Kg3
Kf6 42. h4 h6 43. Nf2 g5 44. hxg5+ hxg5 45. Nd1 Ke5 46. Nc3 f4+ 47. Kf2 Kd4 48. Ne2+
Ke5 49. Nc3 g4 50. a4 e3+ 51. Kf1 Bc4+ 52. Ke1 f3 53. axb5 f2+ 54. Kd1 f1=Q+ 55.
Kc2 Qd3+ 56. Kb2 Qd2+ 57. Ka3 Qxc3+ 58. Ka4 Qa1#  0-1

[Event "1. OEsterreichische Internet Schach Meisterschaft - Vorrunde 2"]
[Site "Online - Playchess.com"]
[Date ""]
[Round "8"]
[Board "46"]
[White "Iro, Christian"]
[Black "Weichhart, Daniel"]
[Result "1-0"]
[WhiteElo "2081"]
[BlackElo "1648"]
[PlyCount "40"]
[EventDate "2020.04.13"]
[EventRounds "9"]
[EventCountry "AUT"]

1. e4 e5 2. Nf3 Nf6 3. Nxe5 d6 4. Nf3 Nxe4 5. Qe2 Qe7 6. d3 Nf6 7. Bg5 Qxe2+ 8. Bxe2
Be7 9. Nc3 c6 10. O-O-O O-O 11. Ne4 Nxe4 12. dxe4 Bxg5+ 13. Nxg5 f6 14. Nf3 Re8 15.
Rxd6 Bg4 16. Rhd1 Na6 17. h3 Rxe4 18. Bxa6 Bxf3 19. gxf3 Ra4 20. Bxb7 Rxa2  1-0

[Event "1. OEsterreichische Internet Schach Meisterschaft - Vorrunde 2"]
[Site "Online - Playchess.com"]
[Date ""]
[Round "8"]
[Board "47"]
[White "Wilplinger, Hugo"]
[Black "Kapferer, Romed"]
[Result "0-1"]
[WhiteElo "1629"]
[BlackElo "2081"]
[PlyCount "44"]
[EventDate "2020.04.13"]
[EventRounds "9"]
[EventCountry "AUT"]

1. e4 c6 2. d4 d5 3. exd5 cxd5 4. c3 Nc6 5. Nf3 g6 6. Be2 Bg7 7. O-O Nh6 8. Be3 O-O
9. Qd2 Nf5 10. Na3 Nd6 11. Bh6 f6 12. Bxg7 Kxg7 13. Rfe1 Ne4 14. Qc1 e5 15. dxe5
fxe5 16. Bd3 Bg4 17. Bxe4 dxe4 18. Nd2 Qh4 19. Nxe4 Rf4 20. g3 Qh3 21. gxf4 Bf3 22.
Ng3 Qg2#  0-1

[Event "1. OEsterreichische Internet Schach Meisterschaft - Vorrunde 2"]
[Site "Online - Playchess.com"]
[Date ""]
[Round "8"]
[Board "48"]
[White "Friedl, Markus"]
[Black "Guetz, Wolfgang"]
[Result "0-1"]
[WhiteElo "1857"]
[BlackElo "2078"]
[PlyCount "128"]
[EventDate "2020.04.13"]
[EventRounds "9"]
[EventCountry "AUT"]

1. e4 c5 2. Bc4 Nc6 3. a3 d6 4. d3 Nf6 5. Nc3 g6 6. Nge2 Bg7 7. O-O O-O 8. Ng3 a6
9. f4 b5 10. Ba2 Bg4 11. Qe1 Nd4 12. Qd2 Qb6 13. h3 Bd7 14. Nce2 Nxe2+ 15. Qxe2 Rac8
16. Kh2 Bc6 17. c3 b4 18. axb4 cxb4 19. Bc4 Bb5 20. Bxb5 Qxb5 21. c4 Qb7 22. b3 a5
23. Rxa5 Ra8 24. Rxa8 Rxa8 25. Bb2 Ra2 26. Ra1 Qa7 27. Rxa2 Qxa2 28. Bxf6 Qxe2 29.
Nxe2 Bxf6 30. g4 Kf8 31. Kg3 Ke8 32. g5 Bc3 33. Kf3 Bd2 34. h4 Kd7 35. Ng3 Kc6 36.
f5 Kc5 37. Ke2 Bf4 38. Nf1 Kd4 39. fxg6 hxg6 40. Kf3 Bc1 41. Ng3 Bb2 42. h5 gxh5
43. Nxh5 Kxd3 44. Nf4+ Kc2 45. Nd5 Kxb3 46. Nxe7 Kxc4 47. Nf5 Be5 48. Ne3+ Kd3 49.
Nd5 b3 50. Nb4+ Kc4 51. Nd5 b2 52. Ne3+ Kd3 53. Ng4 b1=Q 54. Nh6 Qf1+ 55. Kg4 Qf4+
56. Kh5 Qh2+ 57. Kg4 Kxe4 58. Nxf7 Qf4+ 59. Kh5 Qxf7+ 60. g6 Qg7 61. Kg5 Bf6+ 62.
Kh5 d5 63. Kg4 Qxg6+ 64. Kh3 Kf3  0-1

[Event "1. OEsterreichische Internet Schach Meisterschaft - Vorrunde 2"]
[Site "Online - Playchess.com"]
[Date ""]
[Round "8"]
[Board "49"]
[White "Nisavic, Uros"]
[Black "Haas, Gerald"]
[Result "1-0"]
[WhiteElo "2073"]
[BlackElo "1906"]
[PlyCount "71"]
[EventDate "2020.04.13"]
[EventRounds "9"]
[EventCountry "AUT"]

1. d4 d5 2. c4 e6 3. Nc3 Nf6 4. Nf3 c6 5. Bg5 Nbd7 6. e3 Be7 7. Bd3 b6 8. O-O Bb7
9. Rc1 h6 10. Bh4 O-O 11. Qe2 Re8 12. Rfd1 Nf8 13. Ne5 N6d7 14. Bxe7 Qxe7 15. Nf3
f5 16. cxd5 cxd5 17. Bb5 a6 18. Ba4 b5 19. Nxb5 axb5 20. Bxb5 Rxa2 21. Rc7 Bc8 22.
Rdc1 Ra8 23. Ne5 Rd8 24. Nc6 Qg5 25. Nxd8 Qxd8 26. Qc2 Nb6 27. Qc6 Rb8 28. Ra7 Kh8
29. Qc7 Qxc7 30. Rcxc7 g5 31. Re7 Nc4 32. Bxc4 dxc4 33. h4 g4 34. Re8 Kg8 35. Rc7
Rxb2 36. Rcxc8  1-0

[Event "1. OEsterreichische Internet Schach Meisterschaft - Vorrunde 2"]
[Site "Online - Playchess.com"]
[Date ""]
[Round "8"]
[Board "50"]
[White "Pilshofer, Paul"]
[Black "Ehs, Dominik"]
[Result "0-1"]
[WhiteElo "1715"]
[BlackElo "2070"]
[PlyCount "64"]
[EventDate "2020.04.13"]
[EventRounds "9"]
[EventCountry "AUT"]

1. d4 Nf6 2. Nf3 g6 3. g3 Bg7 4. Bg2 d6 5. O-O O-O 6. c4 Nbd7 7. b3 e5 8. Bb2 exd4
9. Nxd4 Re8 10. Nc3 Nc5 11. Nd5 Nxd5 12. Bxd5 c6 13. Bg2 Qe7 14. e3 a5 15. Qc2 Bd7
16. Rad1 Rad8 17. a3 Bg4 18. Rd2 Be6 19. Bxc6 bxc6 20. Nxc6 Qc7 21. Nxd8 Rxd8 22.
Bxg7 Kxg7 23. Rfd1 a4 24. b4 Nb3 25. Qc3+ f6 26. Rc2 Bf5 27. Rb2 Qc6 28. Rxb3 axb3
29. Qxb3 Bh3 30. e4 Qxe4 31. f3 Qe2 32. Rd2 Qf1#  0-1

[Event "1. OEsterreichische Internet Schach Meisterschaft - Vorrunde 2"]
[Site "Online - Playchess.com"]
[Date ""]
[Round "8"]
[Board "51"]
[White "Lerch, Johannes"]
[Black "Pernerstorfer, Max"]
[Result "1-0"]
[WhiteElo "2005"]
[BlackElo "2066"]
[PlyCount "161"]
[EventDate "2020.04.13"]
[EventRounds "9"]
[EventCountry "AUT"]

1. e4 e5 2. Nf3 Nc6 3. Bc4 Bc5 4. O-O Nf6 5. d4 Bxd4 6. Nxd4 Nxd4 7. f4 Nc6 8. fxe5
Nxe5 9. Bb3 h6 10. Bf4 Qe7 11. Nd2 O-O 12. Qe2 d6 13. Rae1 Be6 14. Nf3 Bxb3 15. axb3
Rae8 16. Nxe5 dxe5 17. Be3 Rd8 18. Qf3 Ne8 19. Qg3 Qe6 20. Rf3 Nd6 21. Qh4 f5 22.
exf5 Nxf5 23. Qg4 e4 24. Rf2 Qe5 25. Bf4 Qc5 26. Kf1 Rde8 27. Rfe2 e3 28. g3 Nd4
29. Rg2 Nxc2 30. Ree2 Nd4 31. Re1 Qb5+ 32. Kg1 Qc5 33. Bxh6 Qe7 34. Rxe3 Qf6 35.
Rxe8 Rxe8 36. Bf4 Re1+ 37. Kf2 Re2+ 38. Kg1 Qe7 39. Qc8+ Kh7 40. Qh3+ Kg8 41. Qc8+
Kf7 42. Rxe2 Qxe2 43. Qd7+ Kg6 44. Qh3 Nf3+ 45. Kh1 Qd1+ 46. Kg2 Ne1+ 47. Kf2 Nd3+
48. Ke3 Nxb2 49. Qe6+ Kh7 50. Qf5+ Kg8 51. Qe6+ Kh7 52. Qf5+ Kg8 53. Qe6+ Kf8 54.
Qc8+ Ke7 55. Qxc7+ Qd7 56. Qe5+ Qe6 57. Ke4 Nd1 58. Qxe6+ Kxe6 59. Be5 g6 60. Bd4
a6 61. h4 b5 62. g4 a5 63. h5 gxh5 64. gxh5 Kf7 65. Kd3 a4 66. bxa4 bxa4 67. Kc2
Nf2 68. Bxf2 Kg7 69. Be3 Kh7 70. h6 Kg6 71. Kb2 Kh7 72. Ka3 Kg6 73. Kxa4 Kh7 74.
Kb4 Kh8 75. Kc4 Kh7 76. Kd5 Kg6 77. Ke4 Kh7 78. Kf5 Kh8 79. Kg6 Kg8 80. h7+ Kh8 81.
Bd4#  1-0

[Event "1. OEsterreichische Internet Schach Meisterschaft - Vorrunde 2"]
[Site "Online - Playchess.com"]
[Date ""]
[Round "8"]
[Board "52"]
[White "Kucharski, Michael"]
[Black "Milanollo, Mario"]
[Result "1/2-1/2"]
[WhiteElo "1927"]
[BlackElo "2053"]
[PlyCount "60"]
[EventDate "2020.04.13"]
[EventRounds "9"]
[EventCountry "AUT"]

1. d4 d5 2. Nf3 Nf6 3. e3 c6 4. c4 e6 5. Nc3 Nbd7 6. Bd2 Bd6 7. Bd3 dxc4 8. Bxc4
b5 9. Be2 Bb7 10. e4 Be7 11. Bd3 b4 12. Ne2 c5 13. e5 Nd5 14. dxc5 Rc8 15. Rc1 Nxc5
16. Bb5+ Bc6 17. Bxc6+ Rxc6 18. O-O Rc8 19. a3 bxa3 20. bxa3 O-O 21. Nf4 Nxf4 22.
Bxf4 Qxd1 23. Rfxd1 Rfd8 24. Be3 h6 25. h3 Nb3 26. Rxd8+ Rxd8 27. Rc7 Bxa3 28. Rxa7
Bc5 29. Bxc5 Nxc5 30. Ra2 Rd7  1/2-1/2

[Event "1. OEsterreichische Internet Schach Meisterschaft - Vorrunde 2"]
[Site "Online - Playchess.com"]
[Date ""]
[Round "8"]
[Board "53"]
[White "Birklbauer, Toni"]
[Black "Kessler, Manuel"]
[Result "1-0"]
[WhiteElo "2047"]
[BlackElo "1731"]
[PlyCount "107"]
[EventDate "2020.04.13"]
[EventRounds "9"]
[EventCountry "AUT"]

1. d4 c5 2. e3 e6 3. Nf3 Nf6 4. Bd3 Nc6 5. c3 d5 6. Nbd2 Bd6 7. O-O O-O 8. Qe2 e5
9. dxe5 Nxe5 10. Nxe5 Bxe5 11. Nf3 Bc7 12. Qc2 Bg4 13. Be2 Qd6 14. g3 Ne4 15. Rd1
Qf6 16. Kg2 Rad8 17. b3 Qh6 18. h4 Qe6 19. Ng5 Qf5 20. f3 Nxg5 21. Qxf5 Bxf5 22.
hxg5 Rfe8 23. g4 Bg6 24. Bb5 Re7 25. Kf2 a6 26. Bd3 d4 27. Bxg6 dxe3+ 28. Bxe3 Rxd1
29. Bxh7+ Kxh7 30. Rxd1 Kg6 31. f4 f5 32. Kf3 fxg4+ 33. Kf2 Kf5 34. Rd5+ Ke4 35.
Rxc5 g3+ 36. Ke2 b6 37. Rc4+ Kf5 38. Kf3 g6 39. Rd4 b5 40. Rd5+ Ke6 41. Rd1 Kf5 42.
Rd5+ Ke6 43. Rd3 Kf5 44. Kxg3 Rxe3+ 45. Rxe3 Bxf4+ 46. Kf3 Bxe3 47. Kxe3 Kxg5 48.
Kf3 Kh4 49. c4 Kh3 50. Kf2 g5 51. Kg1 bxc4 52. bxc4 Kg4 53. c5 Kf4 54. c6  1-0

[Event "1. OEsterreichische Internet Schach Meisterschaft - Vorrunde 2"]
[Site "Online - Playchess.com"]
[Date ""]
[Round "8"]
[Board "54"]
[White "Wurzer, Gerhard"]
[Black "Katter, Katharina"]
[Result "0-1"]
[WhiteElo "1889"]
[BlackElo "1930"]
[PlyCount "106"]
[EventDate "2020.04.13"]
[EventRounds "9"]
[EventCountry "AUT"]

1. c3 Nf6 2. d3 g6 3. e4 e5 4. Nf3 Nc6 5. Qc2 Bg7 6. Be2 O-O 7. Nbd2 d6 8. O-O Be6
9. b4 Nh5 10. Nb3 f5 11. Ng5 Qe7 12. Bxh5 gxh5 13. Nxe6 Qxe6 14. Qe2 Qg6 15. b5 f4
16. Qf3 Nd8 17. Kh1 Ne6 18. Qe2 h4 19. f3 h3 20. gxh3 Qh5 21. Qg2 Rf6 22. Qg4 Qh6
23. Rg1 Rg6 24. Qf5 Rf8 25. Rxg6 Qxg6 26. Qxg6 hxg6 27. Kg2 Kf7 28. Bd2 Rh8 29. Be1
Bf6 30. Na5 b6 31. Nc6 Ra8 32. a4 a6 33. bxa6 Rxa6 34. Nb4 Ra8 35. Nd5 Bd8 36. Nb4
c5 37. Nd5 b5 38. a5 Rxa5 39. Rxa5 Bxa5 40. Kf1 Nc7 41. Nxc7 Bxc7 42. Ke2 Ba5 43.
Bd2 Kf6 44. Kf2 Kg5 45. Kg2 b4 46. cxb4 Bxb4 47. Bc1 Bc3 48. Ba3 Bb4 49. Bc1 Bc3
50. h4+ Kxh4 51. h3 Bd4 52. Kh2 Be3 53. Kg2 Bxc1  0-1

[Event "1. OEsterreichische Internet Schach Meisterschaft - Vorrunde 2"]
[Site "Online - Playchess.com"]
[Date ""]
[Round "8"]
[Board "55"]
[White "Simon, Christopher"]
[Black "Flir, Emilio"]
[Result "1/2-1/2"]
[WhiteElo "1824"]
[BlackElo "1843"]
[PlyCount "162"]
[EventDate "2020.04.13"]
[EventRounds "9"]
[EventCountry "AUT"]

1. d4 d5 2. Bf4 Nf6 3. e3 c5 4. c3 Nc6 5. Nf3 Qb6 6. Qc2 Bf5 7. dxc5 Bxc2 8. cxb6
axb6 9. Na3 Be4 10. Nb5 Kd7 11. Bc7 e6 12. Bxb6 Bd6 13. Nbd4 e5 14. Nb5 Bxf3 15.
gxf3 Ra6 16. Nxd6 Rxb6 17. Nb5 Ra8 18. b3 Na7 19. Nxa7 Rxa7 20. Be2 Rxb3 21. c4 Rba3
22. cxd5 Rxa2 23. Rxa2 Rxa2 24. e4 g6 25. Bb5+ Kd6 26. O-O Rb2 27. Bd3 Nh5 28. Rc1
Nf4 29. Bf1 Ne2+ 30. Bxe2 Rxe2 31. Kf1 Rb2 32. Re1 b5 33. Re2 Rb1+ 34. Kg2 b4 35.
f4 exf4 36. Kf3 g5 37. Kg4 h6 38. Kf5 b3 39. Rd2 Ke7 40. d6+ Kd7 41. Kf6 b2 42. e5
f3 43. Kxf7 Re1 44. Rxb2 Rxe5 45. Rd2 Rf5+ 46. Kg6 Re5 47. Rd3 Re2 48. Rxf3 Kxd6
49. Kxh6 g4 50. Rf8 Re1 51. Kg5 Rh1 52. Rh8 Rf1 53. Kxg4 Rxf2 54. h4 Ke5 55. Kg3
Rf1 56. Ra8 Rg1+ 57. Kh2 Rb1 58. Rf8 Ke6 59. Kg3 Rb3+ 60. Kg4 Rb4+ 61. Kg5 Ke7 62.
Rf1 Rb5+ 63. Kg6 Rb2 64. Rh1 Rg2+ 65. Kh7 Kf6 66. h5 Rg3 67. h6 Rg2 68. Kh8 Kf7 69.
h7 Rf2 70. Rg1 Ra2 71. Rf1+ Kg6 72. Rf8 Ra7 73. Rb8 Rxh7+ 74. Kg8 Rg7+ 75. Kf8 Rf7+
76. Ke8 Rh7 77. Rb6+ Kg5 78. Kf8 Rh6 79. Rb5+ Kg4 80. Kg7 Rh5 81. Rb4+ Kg3  1/2-1/2

[Event "1. OEsterreichische Internet Schach Meisterschaft - Vorrunde 2"]
[Site "Online - Playchess.com"]
[Date ""]
[Round "8"]
[Board "56"]
[White "Riegler, Moritz"]
[Black "Auinger, Marcel"]
[Result "0-1"]
[WhiteElo "1705"]
[BlackElo "1808"]
[PlyCount "68"]
[EventDate "2020.04.13"]
[EventRounds "9"]
[EventCountry "AUT"]

1. d4 Nf6 2. Nf3 e6 3. e3 d5 4. Bd3 c5 5. c3 Nc6 6. Nbd2 Bd6 7. O-O c4 8. Bc2 Qc7
9. Qe2 O-O 10. e4 dxe4 11. Nxe4 Nxe4 12. Bxe4 Ne7 13. Bxh7+ Kxh7 14. Ng5+ Kg6 15.
Qg4 f5 16. Qh4 Rh8 17. Qxh8 Bd7 18. Qh7+ Kf6 19. Qh5 Ng6 20. Nh7+ Kf7 21. Ng5+ Kf6
22. Qf3 Bxh2+ 23. Kh1 Rh8 24. Nh3 Bc6 25. Bg5+ Kf7 26. Qe2 Rxh3 27. f3 Rh5 28. Rae1
Bg3+ 29. Kg1 Bxe1 30. Rxe1 Qh2+ 31. Kf2 Rxg5 32. Qxe6+ Kf8 33. Qc8+ Kf7 34. Qc7+
Qxc7  0-1

[Event "1. OEsterreichische Internet Schach Meisterschaft - Vorrunde 2"]
[Site "Online - Playchess.com"]
[Date ""]
[Round "8"]
[Board "57"]
[White "Katter, Marlene"]
[Black "Hadler, Johann"]
[Result "0-1"]
[WhiteElo "1609"]
[BlackElo "1996"]
[PlyCount "144"]
[EventDate "2020.04.13"]
[EventRounds "9"]
[EventCountry "AUT"]

1. d4 Nf6 2. Bf4 d6 3. e3 Nbd7 4. Nf3 b6 5. c4 Bb7 6. Nbd2 g6 7. Be2 Bg7 8. O-O O-O
9. d5 Re8 10. e4 e5 11. dxe6 fxe6 12. e5 dxe5 13. Nxe5 Nxe5 14. Bxe5 c5 15. Bf3 Bxf3
16. Nxf3 Ng4 17. Bxg7 Kxg7 18. h3 Nf6 19. Qxd8 Raxd8 20. Rfe1 h6 21. Re2 Rd6 22.
Rae1 Nh5 23. Nd2 Nf4 24. Re4 Nd3 25. R1e2 Nxb2 26. Rf4 Nd3 27. Rfe4 g5 28. Nf3 Nf4
29. Ne5 Nxe2+ 30. Rxe2 Rd4 31. Nf3 Rxc4 32. Ne5 Rd4 33. Nc6 Rd7 34. Ne5 Rd6 35. Nc4
Rd4 36. Ne5 Ra4 37. Nd3 c4 38. Ne5 c3 39. Rc2 Rc8 40. Kf1 Rxa2 41. Rxa2 c2 42. Nd3
c1=Q+ 43. Nxc1 Rxc1+ 44. Ke2 Rc7 45. Ke3 Kf6 46. Ke4 Rd7 47. g3 Rc7 48. f4 gxf4 49.
gxf4 a5 50. Rb2 Rc6 51. Ra2 Rc5 52. Kf3 Rc4 53. Kg4 e5 54. Rb2 Rxf4+ 55. Kg3 Rb4
56. Rf2+ Kg6 57. Kf3 a4 58. Ke3 a3 59. Ra2 Rb3+ 60. Ke4 Kf6 61. h4 b5 62. Kd5 b4
63. Kc4 Rb2 64. Ra1 a2 65. Rf1+ Kg6 66. Rg1+ Kh5 67. Kd3 Rb1 68. Rg2 a1=Q 69. Rf2
Qd4+ 70. Ke2 Rb2+ 71. Kf3 Rxf2+ 72. Kg3 Qe3#  0-1

[Event "1. OEsterreichische Internet Schach Meisterschaft - Vorrunde 2"]
[Site "Online - Playchess.com"]
[Date ""]
[Round "8"]
[Board "58"]
[White "Steirer, Gerhard"]
[Black "Holzleithner, Johannes"]
[Result "1-0"]
[WhiteElo "1854"]
[BlackElo "1979"]
[PlyCount "85"]
[EventDate "2020.04.13"]
[EventRounds "9"]
[EventCountry "AUT"]

1. e4 e6 2. Qe2 d5 3. exd5 Qxd5 4. Nc3 Qa5 5. d3 c6 6. f4 Nf6 7. Nf3 Be7 8. Bd2 Qc7
9. g3 Bd7 10. Bg2 Na6 11. a3 O-O 12. O-O Rfe8 13. Ne5 Nd5 14. Qh5 g6 15. Qh6 Bf8
16. Qh4 Be7 17. Qh6 f6 18. Nxg6 hxg6 19. Qxg6+ Kf8 20. f5 Bc5+ 21. Kh1 Ke7 22. fxe6
Bxe6 23. Nxd5+ cxd5 24. Qxf6+ Kd7 25. Rae1 Qd8 26. Qe5 Bd6 27. Qd4 Bc5 28. Qe5 Bd6
29. Qd4 b6 30. Bxd5 Bxd5+ 31. Qxd5 Nc7 32. Qf5+ Kc6 33. Bg5 Qc8 34. Qf3+ Kb5 35.
a4+ Ka6 36. b4 Rxe1 37. Rxe1 Qf8 38. b5+ Ka5 39. Bd2+ Kxa4 40. Qe4+ Kxb5 41. Rb1+
Ka6 42. Ra1+ Kb5 43. Qc4#  1-0

[Event "1. OEsterreichische Internet Schach Meisterschaft - Vorrunde 2"]
[Site "Online - Playchess.com"]
[Date ""]
[Round "8"]
[Board "59"]
[White "Miazhynski, Alexander"]
[Black "Hechl, Gerald"]
[Result "0-1"]
[WhiteElo "1535"]
[BlackElo "2333"]
[PlyCount "52"]
[EventDate "2020.04.13"]
[EventRounds "9"]
[EventCountry "AUT"]

1. e4 d6 2. d4 Nf6 3. Bd3 e5 4. d5 Be7 5. f4 exf4 6. Bxf4 c6 7. c4 O-O 8. Nf3 Na6
9. a3 Nc5 10. Qc2 Nxd3+ 11. Qxd3 Qb6 12. Be3 Qxb2 13. Bd4 Qc1+ 14. Kf2 Qxh1 15. Nbd2
Ng4+ 16. Kg3 Bh4+ 17. Kf4 Qxg2 18. Nxh4 g5+ 19. Kxg5 f6+ 20. Kh5 Qxh2 21. Rg1 Kf7
22. Qf3 Ne5 23. Bxe5 Qxe5+ 24. Nf5 Bxf5 25. exf5 Qh2+ 26. Kg4 Rg8#  0-1